O Mistério dos Elfos (Registo nº 1058)

Detalhes MARC
000 -Etiqueta do registo
Cabeçalho 00826nam a2200301 i 4500
005 - Identificador da versão
Campo de controlo 20240813121824.0
010 ## - Número internacional normalizado dos livros (ISBN)
Número (ISBN) 9789722340472
Modalidade de aquisição e/ou preço oferta
021 ## - Número do Depósito Legal
Código do país PT
Número 283 306/08
035 ## - Other System Control Numbers
System Control Number 0001107
100 ## - Dados gerais de processamento
Dados gerais de processamento 20081202d2008 acdy0pory5003 ba
102 ## - Pais de publicação ou produção
País de publicação Portugal
101 1# - Língua de publicação
Língua do texto, banda sonora, etc. Português
Língua do documento no original Italiano
106 ## - Campo de dados codificados: material textual
Dados codificados do material textual r
105 ## - Campo de dados codificados: livros
Dados codificados dos livros y t 000fy
215 ## - Descrição física 
Indicação específica da natureza do documento e extensão da espécie 36, [2] p.
Outras indicações físicas muito il
Dimensões 19 cm
200 1# - Titulo e menção de responsabilidade
Título próprio O Mistério dos Elfos
Primeira menção de responsabilidade Geronimo Stilton
Outras menções de responsabilidade trad. Carlos Grifo Babo
225 2# - Colecção 
Título próprio da colecção Geronimo Stilton
Indicação de volume 28
205 ## - Menção da edição
Menção da edição 1a ed
210 ## - Publicação, Distribuição, etc. 
Lugar da edição, distribuição, etc. Lisboa
Nome do editor, distribuidor, etc. Presença
Data da publicação, distribuição, etc. 2008
304 ## - Notas relativas a título e menção de responsabilidade 
Texto da nota Tit. Orig.: Il Mistero Degli Elfi
675 ## - Classificação Decimal Universal (CDU)
Notação 82-93
Edição 2ª edição
Língua da edição por
702 #1 - Nome de autor-pessoa física (responsabilidade secundária)
Número de registo de entrada de autoridade 0001416
Palavra de ordem Babo
Outra parte do nome não tomada para palavra de ordem Carlos Grifo
Código de função Tradutor
700 #1 - Nome de autor-pessoa física (responsabilidade principal)
Número de registo de entrada de autoridade 0001207
Palavra de ordem Stilton
Outra parte do nome não tomada para palavra de ordem Geronimo
942 ## - Elementos de entrada adicionados (Koha)
Tipo de item no Koha Livro
Exemplares
Situação do levantamento Origin of item (home branch) (coded) Biblioteca de empréstimo Código de barras Cota Circulation type (not for loan) Tipo de documento Nota do exemplar Damaged status
  Biblioteca Escolar Eng. Nuno Mergulhão Biblioteca Escolar Eng. Nuno Mergulhão BENM1915 8EST STI   Livro Sem mensagem